=LDR 00000nam 2200000 4500 =001 INLIS000000001052442 =005 20240829032936 =035 ##$$a 0010-0824000260 =007 ta =008 240829################a##########j###### =020 ##$$a 978-89-6509-650-2 =082 ##$$a 028.55 =084 ##$$a 028.55 JOE s =100 #$$a Jo Eun-hye =245 1#$$a Sembunyikan rapat-rapat /$c Jo Eun-hye =260 ##$$a Gyeonggi-do :$b Tongkeun World =300 ##$$a 27 hlm. : $b ilus. ; $c 26 cm =600 #4$$a Bacaan kanak-kanak =990 ##$$a 3202401831